The EU and Third Countries: Direct Taxation
Gespeichert in:
| Weitere Verfasser: | , |
|---|---|
| Format: | Buch |
| Sprache: | Englisch |
| Veröffentlicht: |
Wien
Linde
2007
|
| Schlagworte: | |
| Tags: |
Keine Tags, Fügen Sie das erste Tag hinzu!
|
MARC
| LEADER | 00000nam a2200000 4500 | ||
|---|---|---|---|
| 001 | 0307653 | ||
| 005 | 20250318113901.4 | ||
| 020 | |a 978-3-7073-0932-4 | ||
| 020 | |a 978-90-411-26658 | ||
| 041 | 0 | |a eng | |
| 044 | |a AT | ||
| 245 | 1 | 0 | |a The EU and Third Countries: Direct Taxation |c edited by Michael Lang, Pasquale Pistone |
| 264 | 1 | |a Wien |b Linde |c 2007 | |
| 300 | |a 1072 s. | ||
| 610 | 2 | 0 | |a zdaňovanie |
| 610 | 2 | 0 | |a dane priame |
| 610 | 2 | 0 | |a Európska únia |
| 700 | 1 | |a Lang, Michael | |
| 700 | 1 | |a Pistone, Pasquale | |